000 00798nam a2200193 a 4500
003 0
005 20250422120456.0
008 060727s19uu xx 00 eng d
050 _aPHS LB 1044.87
_b.C84 2006
100 _aCuevas, Ivan Nicole.
245 _aThe Effect of computer games on the academic performance of fourth year students of Southville International School and Colleges /
_cIvan Nicole Cuevas.
260 _aLas PiƱas City, Philippines :
_bSouthville International School and Colleges,
_c2006.
300 _a30 pages :
_billustrations ;
_c28 cm.
504 _aIncludes bibliographical references.
650 _aComputer games
_xEducational aspects.
650 _aStudent performance.
650 _aHigh school students
_xEducation
_vEffect of computer games on.
942 _2lcc
_cPASS
999 _c97590
_d97590